| 000 | 00582cam a2200217ua 4500 | ||
|---|---|---|---|
| 005 | 20250911104311.0 | ||
| 008 | 150219n ii |||gr||||Z||||||asm | ||
| 020 | _a9788124400344 | ||
| 040 | _cMAIN | ||
| 041 | _dasm | ||
| 082 |
_a891.451 _bSHA |
||
| 100 |
_aShastree, Manoranjan, _eauthor |
||
| 245 | 1 |
_aSahitya darshan/ _cBy Manoranjan Shastree |
|
| 250 | _a6th. | ||
| 260 |
_aGuwahati: _bChandra prakash, _c2022. |
||
| 300 | _a306p. | ||
| 650 | _aAssamese literature | ||
| 653 | _aEast Indo-European & Celtic literatures | ||
| 653 | _aAssamese literature | ||
| 942 |
_cBK _2ddc |
||
| 999 |
_c8064 _d8064 |
||